000 00579nam a2200193Ia 4500
999 _c11001
_d11001
003 OSt
005 20191226112026.0
008 190216s9999||||xx |||||||||||||| ||und||
020 _a9788120324633
040 _coclc
082 _a330.0151
_bHOY/M
100 _aHoy, Michael
_9773
245 0 _aMathematics For Economics /
_cMichael Hoy ; John Livernois ; Ray Rees
250 _a2nd ed.
260 _bPrentice Hall Of India Pvt Ltd,
_aNew Delhi:
_c2006.
300 _a1129p
650 _aEconomics
942 _cBK
_2ddc
_h330.0151
_iHOY/M
_k330.0151
_mHOY/M